000 00536nam a22001937a 4500
003 KOHA_MİRAKIL
005 20250414180007.0
008 250414b tu ||||| |||| 00| 0 tur d
020 _a9786257587365
040 _aTR-AnABB
_btur
_cTR-AnABB
041 _atur
082 _a652.8
_bPIN 2021
100 1 _aPincock, Stephen,
245 1 0 _aŞifrelerin gizemli serüveni /
_cStephen Pincock
260 _aİstanbul :
_bKetebe Yayınları,
_c2021
300 _a191 sayfa ;
_c24 cm
650 0 4 _aKriptografi
942 _2ddc
_cBK
999 _c8694
_d8694
900 _bGizem YORULMAZ